Lanean...
Research methodology /
| Egile nagusia: | |
|---|---|
| Formatua: | Printed Book |
| Hizkuntza: | English |
| Argitaratua: |
Delhi :
National Publishing House,
2004.
|
| Gaiak: |
| LEADER | 00522nam a2200145Ia 4500 | ||
|---|---|---|---|
| 008 | 160114b xxu||||| |||| 00| 0 eng d | ||
| 082 | |a 020.72 | ||
| 100 | |a Sharma, R. K. | ||
| 245 | |a Research methodology / |c By R. K. Sharma | ||
| 260 | |a Delhi : |b National Publishing House, |c 2004. | ||
| 300 | |a 514 p. | ||
| 653 | |a Research methodology | ||
| 942 | |c BK | ||
| 999 | |c 143872 |d 143872 | ||
| 952 | |0 0 |1 0 |4 0 |6 020_720000000000000_SHAR |7 0 |9 153169 |a LIS |b LIS |c ST1 |d 2006-04-06 |i 02602 |l 1 |m 1 |o 020.72 SHA-R |p LIS2602 |r 2021-10-05 |s 2019-01-29 |w 2016-07-26 |y BK | ||